Welfare implications of the taxation of savings (Registro nro. 26612)
[ vista simple ]
| 000 -LEADER | |
|---|---|
| fixed length control field | 00363 a2200121 4500 |
| 001 - CONTROL NUMBER | |
| control field | ART_12719 |
| 005 - DATE AND TIME OF LATEST TRANSACTION | |
| control field | 20260410161909.0 |
| 008 - FIXED-LENGTH DATA ELEMENTS--GENERAL INFORMATION | |
| fixed length control field | 260409a |
| 100 1# - MAIN ENTRY--PERSONAL NAME | |
| Personal name | Atkinson, A.B. |
| 245 10 - TITLE STATEMENT | |
| Title | Welfare implications of the taxation of savings |
| 700 1# - ADDED ENTRY--PERSONAL NAME | |
| Personal name | Sandmo, Agnar |
| 773 0# - HOST ITEM ENTRY | |
| Title | The Economic Journal |
| Related parts | - Vol. 90, Nº 359 (set. 1980) |
| Record control number | REV12512 |
No hay ítems disponibles.